000 00590ntaaa2200193 4500
003 01
005 20251027201533.0
008 0714s1973 ag 01
040 _aAR-BaBN
_bspa
_cAR-BaBN
_eaacr
_dRIC
082 _a227.6000 M36
100 _aMartínez G., Ernestina
_914023
245 _aSecreto de una vida gozosa
250 _a1 ed. :
_bImpresora Mexicana,
_cc/954
300 _a30 p.
500 _aEstudio sencillo sobre la Carta a los Filipenses para usar en S. Femeniles y Esfuerzo Cristiano
650 _aBiblia-Nuevo Testamento-Filipenses
_94018
650 _aFilipenses
942 _cBK
999 _c9959
_d9959